| 000 | 01226cam a22003618a 4500 | ||
|---|---|---|---|
| 001 | 13640697 | ||
| 003 | OSt | ||
| 005 | 20151026143558.0 | ||
| 008 | 040629s2005 enk b 001 0 eng | ||
| 010 | _a 2004015325 | ||
| 020 | _a041530900X (pb) | ||
| 020 | _a0415308992 (hb) | ||
| 040 |
_aDLC _cDLC _dDLC |
||
| 042 | _apcc | ||
| 050 | 0 | 0 |
_aHG 3881 _b.L664 2005 |
| 082 | 0 | 0 |
_aIB 332 _bL57 2005 |
| 100 | 1 |
_aLevi, Maurice D., _d1945- |
|
| 245 | 1 | 0 |
_aInternational finance _cby Maurice D. Levi. |
| 250 | _a4th ed. | ||
| 260 |
_aLondon ; _aNew York : _bRoutledge, _c2005. |
||
| 263 | _a0501 | ||
| 300 |
_axix, 585 p. : _c25 cm. |
||
| 504 | _aIncludes bibliographical references and index. | ||
| 562 | _eFor circulation. 1 copy available in the collection | ||
| 650 | 0 | _aInternational finance. | |
| 650 | 0 |
_aInternational business enterprises _xFinance. |
|
| 856 | 4 | 1 |
_3Table of contents only _uhttp://www.loc.gov/catdir/toc/ecip0419/2004015325.html |
| 856 | 4 | 2 |
_3Publisher description _uhttp://www.loc.gov/catdir/enhancements/fy0650/2004015325-d.html |
| 906 |
_a7 _brix _corignew _d1 _eecip _f20 _gy-gencatlg |
||
| 942 |
_2lcc _cBK |
||
| 999 |
_c1998 _d1998 |
||